[Event "Eliteserien 2008-2009"]
[Site "Haraldsheim"]
[Date "2008.11.07"]
[Round "7"]
[White "Ekeberg, Carl Fr."]
[Black "Gudbrandsen, Gustav"]
[Result "0-1"]
[WhiteElo "2335"]
[BlackElo "2178"]
[PlyCount "154"]
[EventDate "2008.??.??"]

1. Nf3 Nf6 2. c4 c5 3. Nc3 g6 4. e4 d6 5. d4 cxd4 6. Nxd4 Bg7 7. Be2 Nc6 8. O-O
O-O 9. Be3 Bd7 10. Qd2 Ng4 11. Bxg4 Bxg4 12. b3 Rc8 13. Rac1 Bd7 14. Rfd1 f5
15. exf5 gxf5 16. f4 Qa5 17. Nxc6 bxc6 18. c5 Be8 19. Na4 Qxd2 20. Rxd2 d5 21.
Bd4 Rb8 22. Bxg7 Kxg7 23. Re1 Rf7 24. Rd4 Rb5 25. Kf2 Kf6 26. Re3 a5 27. g3 e6
28. Rd2 Re7 29. Rc2 Bh5 30. Re5 Reb7 31. h3 Rb4 32. Ke3 Re4+ 33. Rxe4 fxe4 34.
g4 Bg6 35. Nb6 e5 36. f5 Bf7 37. Rf2 Kg5 38. Nc8 Kh4 39. Nd6 Rd7 40. Rh2 Kg3
41. Rh1 d4+ 42. Kd2 e3+ 43. Kd3 Bd5 44. Rc1 Kxh3 45. g5 Kg4 46. g6 hxg6 47. f6
Rd8 48. f7 Rf8 49. Rf1 Bg2 50. Rc1 Kg3 51. Re1 Bh3 52. Rg1+ Kf2 53. Rxg6 Bf5+
54. Nxf5 e2 55. Nxd4 e4+ 56. Kc2 e1=Q 57. Rf6+ Ke3 58. Nf5+ Kf4 59. Nh6+ Kg5
60. Re6 Qe2+ 61. Kc3 Qd3+ 62. Kb2 Qd4+ 63. Kb1 Qxc5 64. Kb2 e3 65. Kb1 e2 66.
Rxe2 Kxh6 67. Rh2+ Kg7 68. Rg2+ Kxf7 69. Rc2 Qf5 70. Kb2 c5 71. Rc4 Re8 72. Rc2
Re3 73. Rc1 a4 74. Ka3 axb3 75. axb3 Qd5 76. Rf1+ Ke7 77. Rb1 Qd2 
0-1

[Event "Eliteserien 2008-2009"]
[Site "Haraldsheim"]
[Date "2008.11.07"]
[Round "7"]
[White "Persson, Mats"]
[Black "Walseth, Tron"]
[Result "1-0"]
[WhiteElo "2152"]
[BlackElo "1907"]
[PlyCount "93"]
[EventDate "2008.??.??"]

1. e4 c5 2. Nf3 d6 3. Nc3 e5 4. Bc4 Be7 5. d3 Nc6 6. O-O Bg4 7. h3 Bh5 8. Nd5
Nd4 9. g4 Nxf3+ 10. Qxf3 Bg6 11. Bb5+ Kf8 12. a4 Rc8 13. Qg2 h5 14. g5 h4 15.
f4 Bh5 16. Be3 a6 17. Bc4 Qe8 18. f5 Bd8 19. a5 Ne7 20. Nxe7 Kxe7 21. Kh2 Kd7
22. g6 Bf6 23. Bxf7 Qe7 24. Be6+ Kc7 25. Bxc8 Kxc8 26. c4 Kb8 27. Qd2 Qd7 28.
b4 cxb4 29. Qxb4 Be2 30. Rfb1 Bxd3 31. Qb6 Bxb1 32. Rxb1 Kc8 33. Rd1 Bd8 34.
Qb4 Bc7 35. c5 dxc5 36. Rxd7 cxb4 37. Rxg7 b3 38. Rh7 Rg8 39. Bc1 Bd8 40. Rf7
Bg5 41. Ba3 Bh6 42. Kg2 Rd8 43. f6 Rd3 44. g7 Rg3+ 45. Kf1 Rf3+ 46. Ke2 Re3+
47. Kf2 
1-0

[Event "Eliteserien 2008-2009"]
[Site "Haraldsheim"]
[Date "2008.11.07"]
[Round "8"]
[White "Lie, Kjetil A."]
[Black "Djurhuus, Rune"]
[Result "1-0"]
[WhiteElo "2528"]
[BlackElo "2459"]
[PlyCount "91"]
[EventDate "2008.??.??"]

1. d4 Nf6 2. Nf3 d5 3. c4 e6 4. Nc3 Be7 5. Bg5 O-O 6. e3 b6 7. Bd3 Bb7 8. Bxf6
Bxf6 9. cxd5 exd5 10. O-O c5 11. dxc5 bxc5 12. Qb3 Bc6 13. Qc2 g6 14. Rfd1 Qa5
15. Be2 Rd8 16. Nd2 Bxc3 17. Nb3 Ba4 18. Qxc3 Qxc3 19. bxc3 Nc6 20. Rd2 Bxb3
21. axb3 Rab8 22. Ra6 Rb6 23. Rxb6 axb6 24. Bf3 Ra8 25. Rd1 Ra3 26. Bxd5 Na7
27. g4 Nb5 28. Bc4 Nxc3 29. Rd7 b5 30. Bxf7+ Kf8 31. Rc7 c4 32. bxc4 b4 33. Rb7
b3 34. Bd5 Na4 35. Kg2 b2 36. Kf3 Ra1 37. Be4 Rh1 38. Rb4 Nc3 39. Rxb2 Nxe4 40.
Kxe4 Rxh2 41. c5 Ke7 42. Ke5 Kd7 43. Kd5 Kc7 44. c6 Rg2 45. Rb7+ Kc8 46. Rf7
1-0

[Event "Eliteserien 2008-2009"]
[Site "Haraldsheim"]
[Date "2008.11.07"]
[Round "8"]
[White "Østmoe, Geir Sune Tallaksen"]
[Black "Skrondal, Inge Sandstad"]
[Result "1/2-1/2"]
[WhiteElo "2399"]
[BlackElo "2179"]
[PlyCount "122"]
[EventDate "2008.??.??"]

1. d4 Nf6 2. c4 e6 3. Nf3 d5 4. Nc3 Be7 5. Bf4 dxc4 6. e3 Nd5 7. Bxc4 Nxf4 8.
exf4 Nc6 9. O-O O-O 10. Qd2 b6 11. Rfd1 Bb7 12. Qe3 Nb4 13. Rac1 Rc8 14. Ne5
Nd5 15. Nxd5 Bxd5 16. a3 a5 17. Ba6 Ra8 18. Bb5 Bd6 19. Bc6 Bxc6 20. Rxc6 Qf6
21. Nd7 Qh6 22. Rxd6 cxd6 23. Nxf8 Kxf8 24. Rc1 Qh5 25. Qe4 d5 26. Qd3 Qf5 27.
Qe3 Qe4 28. Qd2 h5 29. h4 g6 30. g3 Kg7 31. Re1 Qf5 32. Qc3 Qf6 33. Rc1 Qd8 34.
Qc6 Rb8 35. b4 axb4 36. axb4 Ra8 37. Kg2 Rb8 38. Qb5 Rc8 39. Rxc8 Qxc8 40. Qxb6
Qc2 41. Qc5 Qe4+ 42. Kf1 Qb1+ 43. Ke2 Qb2+ 44. Kd1 Qb1+ 45. Kd2 Qb2+ 46. Kd3
Qb3+ 47. Qc3 Qb1+ 48. Ke2 Qe4+ 49. Kd2 Qb1 50. Qa3 Kf6 51. f3 Qg1 52. Qe3 Qb1
53. Kc3 Qa2 54. Qe5+ Ke7 55. Qc7+ Kf6 56. f5 Qa3+ 57. Kc2 Qa2+ 58. Kd1 Qa1+ 59.
Ke2 Qxd4 60. Qd8+ Kg7 61. fxe6 Qc4+ 
1/2-1/2

[Event "Eliteserien 2008-2009"]
[Site "Haraldsheim"]
[Date "2008.11.07"]
[Round "8"]
[White "Bentsen, Håkon"]
[Black "Thorstensen, Trond"]
[Result "1/2-1/2"]
[WhiteElo "2068"]
[BlackElo "2175"]
[PlyCount "105"]
[EventDate "2008.??.??"]

1. e4 e6 2. d4 d5 3. Nc3 Nf6 4. exd5 exd5 5. Bd3 Bg4 6. Nf3 Be7 7. O-O Nc6 8.
Be3 O-O 9. a3 a6 10. Re1 Qd7 11. Be2 Bd6 12. h3 Bh5 13. Nd2 Bxe2 14. Qxe2 Qf5
15. Rac1 Rfe8 16. Qf3 Qxf3 17. Nxf3 h6 18. Kf1 Re6 19. Re2 Rae8 20. Rce1 Na5
21. Bc1 Nc4 22. Rxe6 Rxe6 23. Rxe6 fxe6 24. Nd2 Bf4 25. Nxc4 Bxc1 26. Ne2 Bg5
27. Ne5 Ne4 28. Nd3 b6 29. Nef4 Kf7 30. Ke2 Nd6 31. Ne5+ Ke7 32. Nfg6+ Ke8 33.
h4 Bf6 34. Nf4 Nf5 35. c3 Ke7 36. Nf3 Kd6 37. g3 c5 38. Kd3 cxd4 39. cxd4 Ne7
40. Nh5 Nc6 41. g4 e5 42. Nxf6 gxf6 43. Ke3 Ke6 44. dxe5 fxe5 45. Nd2 Ne7 46.
f4 h5 47. fxe5 hxg4 48. Kf4 Nf5 49. Kxg4 Kxe5 50. Nf3+ Ke4 51. Ng5+ Ke5 52.
Nf3+ Ke4 53. Ng5+ 
1/2-1/2

[Event "Eliteserien 2008-2009"]
[Site "Haraldsheim"]
[Date "2008.11.07"]
[Round "8"]
[White "Robertsen, Thomas"]
[Black "Stokke, Kjetil"]
[Result "1-0"]
[WhiteElo "2210"]
[BlackElo "2305"]
[PlyCount "119"]
[EventDate "2008.??.??"]

1. e4 c5 2. Nf3 Nc6 3. Nc3 g6 4. d4 cxd4 5. Nxd4 Bg7 6. Be3 Nf6 7. Bc4 Qa5 8.
O-O O-O 9. Bb3 d6 10. f3 Bd7 11. Qd2 Rfe8 12. Rad1 Rac8 13. Nxc6 Bxc6 14. Bd4
Nd7 15. Bxg7 Kxg7 16. f4 Qc5+ 17. Kh1 b5 18. f5 Ne5 19. Qf4 f6 20. fxg6 hxg6
21. Rd5 Bxd5 22. Nxd5 Nd7 23. Qg4 Nf8 24. c3 e6 25. Nxf6 Re7 26. Qh4 Rcc7 27.
Ng4 Rf7 28. Qh6+ Kg8 29. Nf6+ Rxf6 30. Rxf6 Rg7 31. Rxe6 Nxe6 32. Bxe6+ Kf8 33.
Qh8+ Ke7 34. Qxg7+ Kxe6 35. Qxg6+ Ke7 36. Qg7+ Ke8 37. Qh8+ Kd7 38. Qd4 Qg5 39.
Qxa7+ Kc6 40. a4 Qc1+ 41. Qg1 Qxb2 42. axb5+ Qxb5 43. Qd1 Qb2 44. Qe1 Qb5 45.
h4 Qh5 46. Qg3 Qe2 47. Kh2 Kc7 48. Qf3 Qe1 49. Kh3 Kd7 50. h5 Ke7 51. g4 Qd2
52. Kh4 Ke8 53. Qf6 Qe1+ 54. Kg5 Qe3+ 55. Qf4 Qxc3 56. Qxd6 Kf7 57. h6 Qh3 58.
h7 Kg7 59. Qg6+ Kf8 60. Qf6+ 
1-0

[Event "Eliteserien 2008-2009"]
[Site "Haraldsheim"]
[Date "2008.11.07"]
[Round "8"]
[White "Gullaksen, Eirik"]
[Black "Røyset, Jon Kr."]
[Result "1/2-1/2"]
[WhiteElo "2387"]
[BlackElo "2076"]
[PlyCount "66"]
[EventDate "2008.??.??"]

1. e4 c5 2. Nf3 d6 3. d4 cxd4 4. Nxd4 Nf6 5. Nc3 Nc6 6. Bc4 e5 7. Nde2 Be7 8.
Bg5 O-O 9. Bxf6 Bxf6 10. Nd5 Kh8 11. Qd3 Bg5 12. h4 Bxh4 13. g3 Bg5 14. f4 exf4
15. gxf4 Bh4+ 16. Kd2 g5 17. Rh2 Bg4 18. Qc3+ f6 19. Rg1 Bxe2 20. Kxe2 Rc8 21.
fxg5 Ne5 22. gxf6 Rxc4 23. Rxh4 Rxc3 24. Rg7 Rxc2+ 25. Kd1 Rd2+ 26. Kc1 Qc8+
27. Nc7 Qxc7+ 28. Rxc7 Rg2 29. Rcxh7+ Kg8 30. Rh8+ Kf7 31. R4h7+ Kg6 32. Rh6+
Kg5 33. Rh5+ Kg6 
1/2-1/2

[Event "Eliteserien 2008-2009"]
[Site "Haraldsheim"]
[Date "2008.11.07"]
[Round "8"]
[White "Jæger, Frode Bull"]
[Black "Borchgrevink, Harald B"]
[Result "0-1"]
[WhiteElo "2031"]
[BlackElo "2271"]
[PlyCount "70"]
[EventDate "2008.??.??"]

1. e4 c5 2. Nf3 Nc6 3. d4 cxd4 4. Nxd4 e5 5. Nb5 d6 6. N1c3 a6 7. Na3 Be6 8.
Nc4 b5 9. Ne3 Nf6 10. Ned5 Be7 11. Be3 O-O 12. Be2 b4 13. Nxf6+ Bxf6 14. Nd5
Bg5 15. Bb6 Qd7 16. O-O Bxd5 17. Qxd5 Ne7 18. Qd3 Qc6 19. Be3 Bxe3 20. fxe3 Qc5
21. Kh1 d5 22. exd5 Qxd5 23. Bf3 Qxd3 24. cxd3 Rad8 25. Be2 Nd5 26. Rf3 Nb6 27.
a3 b3 28. a4 a5 29. Ra3 e4 30. dxe4 Rd2 31. Bb5 Rxb2 32. Rf1 Rc8 33. Raa1 Kf8
34. Rab1 Rxb1 35. Rxb1 b2 
0-1

[Event "Eliteserien 2008-2009"]
[Site "Haraldsheim"]
[Date "2008.11.07"]
[Round "8"]
[White "Martinsen, Stig K."]
[Black "Søraas, Torben"]
[Result "1/2-1/2"]
[WhiteElo "2093"]
[BlackElo "2111"]
[PlyCount "143"]
[EventDate "2008.??.??"]

1. e4 e6 2. d4 d5 3. Nc3 dxe4 4. Nxe4 Nd7 5. Nf3 Ngf6 6. Bd3 Nxe4 7. Bxe4 Nf6
8. Bg5 Be7 9. Bxf6 Bxf6 10. Qd3 Bd7 11. O-O Bc6 12. Bxc6+ bxc6 13. b4 O-O 14.
Qa6 Qd5 15. c4 Qd6 16. a3 Bxd4 17. Nxd4 Qxd4 18. Qxc6 Qb6 19. Qe4 a5 20. b5 Qc5
21. Rfd1 Rad8 22. Rd3 Rd6 23. Rc1 g6 24. Rxd6 cxd6 25. Qe3 Rc8 26. Qxc5 Rxc5
27. b6 Rc8 28. Rd1 Rc6 29. Rb1 Rc8 30. Kf1 Kf8 31. Rb5 Rb8 32. c5 dxc5 33. Ke2
Ke7 34. Kd3 a4 35. Kc4 Kd6 36. b7 e5 37. Rb6+ Kc7 38. Rf6 Kxb7 39. Rxf7+ Kc6
40. Rf6+ Kd7 41. Kxc5 Ke7 42. Rb6 Rd8 43. Rb7+ Ke6 44. Rxh7 Rd2 45. f3 Rxg2 46.
Kb4 Rf2 47. Rh3 Kf5 48. Kxa4 Kf4 49. Kb5 Rxf3 50. Rxf3+ Kxf3 51. a4 e4 52. a5
e3 53. a6 e2 54. a7 e1=Q 55. a8=Q+ Qe4 56. Qa3+ Qe3 57. Qd6 Qg5+ 58. Kc6 Kg2
59. Kd7 Qg4+ 60. Ke7 g5 61. Qd2+ Kh3 62. Qc2 Qh4 63. Kf7 Qf4+ 64. Kg6 g4 65.
Qf5 Qxh2 66. Qh5+ Kg3 67. Qe5+ Kg2 68. Qd5+ Kf2 69. Qf5+ Kg3 70. Qe5+ Kg2 71.
Qd5+ Kf1 72. Qf5+ 
1/2-1/2

[Event "Eliteserien 2008-2009"]
[Site "Haraldsheim"]
[Date "2008.11.07"]
[Round "8"]
[White "Hole, Øystein"]
[Black "Lie, Espen"]
[Result "1/2-1/2"]
[WhiteElo "2401"]
[BlackElo "2436"]
[PlyCount "57"]
[EventDate "2008.??.??"]

1. Nf3 Nf6 2. c4 c5 3. Nc3 d5 4. cxd5 Nxd5 5. d4 cxd4 6. Qxd4 Nxc3 7. Qxc3 Nc6
8. e4 Bd7 9. a3 Rc8 10. Be3 e6 11. Rc1 Be7 12. Be2 O-O 13. O-O Qc7 14. Rfd1
Rfd8 15. b4 a6 16. Qb2 Be8 17. Rxd8 Qxd8 18. h3 Nb8 19. Rxc8 Qxc8 20. Bd4 Bf8
21. Nd2 Nc6 22. Be3 Qc7 23. Nb3 Ne5 24. Nc5 Bb5 25. Bd4 Nc4 26. Bxc4 Bxc4 27.
a4 Qc6 28. Qc2 b5 29. a5 
1/2-1/2

[Event "Eliteserien 2008-2009"]
[Site "Haraldsheim"]
[Date "2008.11.07"]
[Round "8"]
[White "Gudbrandsen, Gustav"]
[Black "Lahlum, Hans O."]
[Result "1/2-1/2"]
[WhiteElo "2178"]
[BlackElo "2141"]
[PlyCount "40"]
[EventDate "2008.??.??"]

1. e4 e6 2. d4 d5 3. Nc3 Bb4 4. Bd3 dxe4 5. Bxe4 Nf6 6. Bf3 c5 7. a3 Bxc3+ 8.
bxc3 Nc6 9. Ne2 O-O 10. O-O Re8 11. Bg5 h6 12. Bh4 Qe7 13. Re1 e5 14. d5 Nb8
15. Bxf6 Qxf6 16. Ng3 Nd7 17. Rb1 Rb8 18. Qd3 b6 19. Qb5 Qd8 20. c4 Nf6 
1/2-1/2

[Event "Eliteserien 2008-2009"]
[Site "Haraldsheim"]
[Date "2008.11.07"]
[Round "8"]
[White "Runde, Hans Arild"]
[Black "Hobber, Anders"]
[Result "0-1"]
[WhiteElo "1879"]
[BlackElo "1995"]
[PlyCount "100"]
[EventDate "2008.??.??"]

1. d4 d5 2. c4 e6 3. Nf3 Be7 4. Nc3 Nf6 5. Bg5 O-O 6. Rc1 h6 7. Bh4 b6 8. cxd5
exd5 9. e3 Bb7 10. Bxf6 Bxf6 11. Bd3 c5 12. O-O Nd7 13. Ne2 Re8 14. Qa4 a6 15.
Bb1 c4 16. Qc2 g6 17. Nf4 Nf8 18. b3 b5 19. Rfd1 Rc8 20. bxc4 bxc4 21. Qc3 Qd6
22. Rd2 Nd7 23. Rb2 Bc6 24. Bc2 Rb8 25. Rcb1 Qc7 26. Ne2 a5 27. Kf1 Be7 28.
Rxb8 Nxb8 29. Ne5 Bb4 30. Qa1 Ba8 31. a3 Bd6 32. f4 g5 33. Qc3 f6 34. Ng4 Kg7
35. Ng3 gxf4 36. Nh5+ Kh8 37. Nhxf6 Rf8 38. e4 dxe4 39. Nxe4 Qg7 40. Qh3 f3 41.
gxf3 Bf4 42. Rb6 Bc6 43. d5 Bd7 44. Ke2 Bxg4 45. fxg4 Re8 46. Re6 Rxe6 47. dxe6
Nc6 48. Qh5 Nd4+ 49. Kd1 Nxe6 50. Qf5 Qa1+ 
0-1

[Event "Eliteserien 2008-2009"]
[Site "Haraldsheim"]
[Date "2008.11.07"]
[Round "8"]
[White "Esbensen, Andreas"]
[Black "Demac, Elias"]
[Result "1-0"]
[WhiteElo "2048"]
[BlackElo "2192"]
[PlyCount "103"]
[EventDate "2008.??.??"]

1. e4 d5 2. exd5 Nf6 3. d4 Nxd5 4. Nc3 Nxc3 5. bxc3 g6 6. Nf3 Bg7 7. Be2 O-O 8.
O-O Nc6 9. Rb1 b6 10. Bb2 Na5 11. c4 Ba6 12. c5 Bc4 13. Bc3 Bxe2 14. Qxe2 Nc6
15. Qc4 bxc5 16. Qxc5 Qd6 17. Qc4 Rfd8 18. Rfd1 Rab8 19. Rb3 Qd5 20. Qxd5 Rxd5
21. Rxb8+ Nxb8 22. Rb1 Nc6 23. Rb7 Rd7 24. Kf1 e6 25. Ke2 Kf8 26. Bb4+ Nxb4 27.
Rxb4 Ke7 28. Ra4 c6 29. Ra6 Kd6 30. Kd3 h6 31. Nd2 Ke7 32. c3 c5 33. Nb3 cxd4
34. cxd4 h5 35. Kc4 Rc7+ 36. Nc5 Kf6 37. d5 Bf8 38. d6 Rc8 39. Kb5 Rd8 40. Nb7
Rb8 41. Kc6 Rc8+ 42. Kd7 Rc2 43. Ke8 Rc8+ 44. Nd8 Bxd6 45. Rxd6 Rc2 46. Rd7
Rxa2 47. Rxf7+ Kg5 48. Nxe6+ Kh6 49. h4 g5 50. Rf6+ Kh7 51. Kf7 Kh8 52. Rh6#
1-0

[Event "Eliteserien 2008-2009"]
[Site "Haraldsheim"]
[Date "2008.11.07"]
[Round "8"]
[White "Johannessen, Leif E"]
[Black "Sahl, Bjarke"]
[Result "1-0"]
[WhiteElo "2529"]
[BlackElo "2347"]
[PlyCount "47"]
[EventDate "2008.??.??"]

1. d4 Nf6 2. c4 c5 3. d5 e6 4. Nc3 exd5 5. cxd5 d6 6. e4 a6 7. a4 g6 8. f3 Nh5
9. Be3 Nd7 10. Nh3 Qe7 11. Be2 Ne5 12. Nf2 f5 13. f4 Ng4 14. Nxg4 fxg4 15. O-O
Nf6 16. e5 Bf5 17. b4 cxb4 18. Bd4 dxe5 19. fxe5 bxc3 20. exf6 Qe4 21. f7+ Kxf7
22. Bxh8 Bc5+ 23. Kh1 Rxh8 24. Bxg4 
1-0

[Event "Eliteserien 2008-2009"]
[Site "Haraldsheim"]
[Date "2008.11.07"]
[Round "8"]
[White "Moen, Andreas G.R."]
[Black "Aulin-Jansson, Jøran"]
[Result "1-0"]
[WhiteElo "2341"]
[BlackElo "2183"]
[PlyCount "125"]
[EventDate "2008.??.??"]

1. e4 c5 2. Nf3 d6 3. d4 cxd4 4. Nxd4 Nf6 5. Nc3 a6 6. Be3 e5 7. Nb3 Be6 8. f3
Be7 9. Qd2 O-O 10. O-O-O a5 11. a4 Nc6 12. g4 Nb4 13. Kb1 d5 14. g5 d4 15. gxf6
Bxf6 16. Nxd4 exd4 17. Bxd4 Rc8 18. Rg1 Nc6 19. Bxf6 Qxf6 20. Qg5 Qxg5 21. Rxg5
Rfd8 22. Rxd8+ Rxd8 23. Kc1 f6 24. Rb5 Nd4 25. Rb6 Bc8 26. Bc4+ Kf8 27. f4 h5
28. f5 h4 29. Nd5 Re8 30. Rd6 Rxe4 31. Bd3 Re1+ 32. Kd2 Re5 33. Rd8+ Re8 34.
Rxe8+ Kxe8 35. Ne3 Ke7 36. c3 Nf3+ 37. Ke2 Ne5 38. Be4 Kd6 39. h3 b6 40. b3
Ba6+ 41. Kf2 Bd3 42. Bxd3 Nxd3+ 43. Kf3 Nc5 44. Nc4+ Kc6 45. Nd2 Kd5 46. Kg4
Ne4 47. Nc4 Kc5 48. Kxh4 Nxc3 49. Kh5 Nd5 50. Kg6 Nf4+ 51. Kxg7 Nxh3 52. Kxf6
Kb4 53. Nxb6 Kxb3 54. Kg6 Nf2 55. f6 Ng4 56. f7 Ne5+ 57. Kf6 Nxf7 58. Kxf7 Kb4
59. Ke6 Kc5 60. Nd5 Kc6 61. Nc3 Kc5 62. Nd1 Kc6 63. Nb2 
1-0

[Event "Eliteserien 2008-2009"]
[Site "Haraldsheim"]
[Date "2008.11.07"]
[Round "8"]
[White "Hammerstad, Åsmund"]
[Black "Trygstad, Kristian D."]
[Result "1/2-1/2"]
[WhiteElo "2170"]
[BlackElo "2319"]
[PlyCount "41"]
[EventDate "2008.??.??"]

1. d4 f5 2. g3 Nf6 3. Bg2 e6 4. Nf3 Be7 5. O-O O-O 6. c4 a5 7. Nc3 d6 8. Qc2
Nc6 9. d5 Nb4 10. Qb1 e5 11. a3 Na6 12. b4 Bd7 13. e4 fxe4 14. Ng5 c6 15. Ngxe4
Nxe4 16. Bxe4 h6 17. dxc6 bxc6 18. Bxh6 gxh6 19. Bxc6 Bxc6 20. Qg6+ Kh8 21.
Qxh6+ 
1/2-1/2

[Event "Eliteserien 2008-2009"]
[Site "Haraldsheim"]
[Date "2008.11.07"]
[Round "8"]
[White "Ekeberg, Carl Fr."]
[Black "Hammer, Jon Ludvig"]
[Result "0-1"]
[WhiteElo "2335"]
[BlackElo "2565"]
[PlyCount "66"]
[EventDate "2008.??.??"]

1. Nf3 d5 2. d4 c6 3. c4 e6 4. e3 Bd6 5. Bd3 f5 6. O-O Nf6 7. b3 Qe7 8. Bb2 O-O
9. Nbd2 b6 10. Ne5 Ne4 11. f4 Bb7 12. Be2 c5 13. Nxe4 dxe4 14. Qc2 Nc6 15. Rad1
cxd4 16. Nxc6 Bxc6 17. exd4 Rac8 18. Qc3 h6 19. Kh1 Kh7 20. Qe3 g5 21. g3 Bb7
22. Rg1 Rg8 23. Rdf1 Rcf8 24. Bc1 Rd8 25. Bb2 Qg7 26. Bh5 Be7 27. Rd1 Rd7 28.
h4 Bf6 29. hxg5 hxg5 30. Rg2 Rgd8 31. Rgd2 g4 32. Kg2 Kg8 33. Kf1 Qh8 
0-1

[Event "Eliteserien 2008-2009"]
[Site "Haraldsheim"]
[Date "2008.11.07"]
[Round "8"]
[White "Gunnesdal, Lars"]
[Black "Moen, Ole Christian"]
[Result "0-1"]
[WhiteElo "1978"]
[BlackElo "2219"]
[PlyCount "126"]
[EventDate "2008.??.??"]

1. e4 e5 2. Nf3 Nc6 3. d4 exd4 4. Bc4 Bb4+ 5. c3 dxc3 6. O-O d6 7. a3 Bc5 8. b4
Bb6 9. Qb3 Qf6 10. Nxc3 Nge7 11. Bb2 Ne5 12. Na4 N7g6 13. Nxb6 axb6 14. Nxe5
dxe5 15. f4 O-O 16. fxe5 Qe7 17. e6 Bxe6 18. Qc3 f6 19. Bxe6+ Qxe6 20. Qxc7 Rf7
21. Qc2 Rc8 22. Qf2 Rfc7 23. Rac1 Rxc1 24. Rxc1 Rxc1+ 25. Bxc1 Qxe4 26. Be3 b5
27. Qa2+ Kh8 28. Qd2 h5 29. h3 Ne5 30. Bc5 Kh7 31. Qd1 Kg6 32. a4 bxa4 33. Qxa4
Nd3 34. Qd7 Nf4 35. Qd2 Nd3 36. Qc3 Kf5 37. Qd2 g5 38. Qd1 b5 39. Qxh5 Qxg2+
40. Kxg2 Nf4+ 41. Kf3 Nxh5 42. Bd6 Ke6 43. Bc7 f5 44. Bd8 Nf6 45. Ke3 Ke5 46.
Bc7+ Kd5 47. Bd8 f4+ 48. Kf3 Ke5 49. Bc7+ Kf5 50. Bd6 Nd7 51. Be7 Ne5+ 52. Ke2
Nc6 53. Bd6 Ke4 54. Kf2 Nd4 55. Be7 Ne6 56. Bf6 f3 57. h4 g4 58. h5 Kf5 59. Be7
Nf4 60. h6 Kg6 61. Bc5 Kxh6 62. Be3 Kg5 63. Kg3 Kf5 
0-1

[Event "Eliteserien 2008-2009"]
[Site "Haraldsheim"]
[Date "2008.11.07"]
[Round "8"]
[White "Nilsen, Joachim B."]
[Black "Walseth, Tron"]
[Result "1-0"]
[WhiteElo "1986"]
[BlackElo "1907"]
[PlyCount "81"]
[EventDate "2008.??.??"]

1. e4 c5 2. Nf3 d6 3. d4 cxd4 4. Nxd4 Nf6 5. Nc3 a6 6. Be3 e5 7. Nb3 Be6 8. Qd2
Be7 9. O-O-O O-O 10. f4 Ng4 11. g3 Nxe3 12. Qxe3 Nd7 13. Kb1 b5 14. h4 b4 15.
Na4 Qc7 16. f5 Bxf5 17. exf5 Qc6 18. Bd3 Qxa4 19. Be4 Rac8 20. g4 Qb5 21. g5 f6
22. Bd5+ Kh8 23. h5 fxg5 24. h6 g6 25. fxg6 hxg6 26. h7 Rf4 27. Qh3 g4 28. Qh6
Rf6 29. Bg8 Bf8 30. Qg5 Qe2 31. Nd2 d5 32. Bxd5 Rd6 33. Rhe1 Qf2 34. Bb3 Qf5
35. Qe3 Qf4 36. Qe2 Kxh7 37. Rf1 Qd4 38. Rf7+ Bg7 39. Rh1+ Kg8 40. Rxd7+ Kf8
41. Rf7+ 
1-0

[Event "Eliteserien 2008-2009"]
[Site "Haraldsheim"]
[Date "2008.11.07"]
[Round "9"]
[White "Djurhuus, Rune"]
[Black "David, Edwin"]
[Result "1-0"]
[WhiteElo "2459"]
[BlackElo "2139"]
[PlyCount "135"]
[EventDate "2008.??.??"]

1. e4 e6 2. Qe2 c5 3. g3 Nc6 4. Nf3 Nf6 5. Bg2 d5 6. d3 Be7 7. O-O O-O 8. e5
Nd7 9. c4 dxc4 10. dxc4 Nd4 11. Nxd4 cxd4 12. Rd1 Qb6 13. Nd2 f6 14. exf6 Nxf6
15. Nf3 e5 16. Nxe5 Bd6 17. Nd3 Bg4 18. f3 Rae8 19. c5 Rxe2 20. cxb6 Bf5 21.
bxa7 Ra8 22. Bf1 Rc2 23. Rd2 Rcc8 24. b3 Bc5 25. Bb2 Bb6 26. Kg2 Nd5 27. Kh1
Ne3 28. Be2 Rxa7 29. Ne1 Rd8 30. a3 Raa8 31. Rc1 Rd6 32. Nd3 Rad8 33. b4 g5 34.
Kg1 Be6 35. Nf2 d3 36. Rxd3 Rxd3 37. Nxd3 Rxd3 38. Bxd3 Nc4+ 39. Kg2 Nxb2 40.
Be4 Nc4 41. Bxb7 Kf7 42. a4 Be3 43. Rb1 Na3 44. Rd1 Nc2 45. b5 Bb6 46. Rb1 h5
47. Be4 Ne3+ 48. Kh1 Nc4 49. Rd1 Kf6 50. f4 gxf4 51. gxf4 h4 52. Rd3 Bc5 53.
Rd8 Bg4 54. Rg8 Be6 55. Rg6+ Ke7 56. Rh6 Nd6 57. Rh7+ Kf6 58. Bc6 h3 59. Rh6+
Ke7 60. a5 Nxb5 61. Rh5 Kd6 62. f5 Bf7 63. Rh6+ Ke5 64. Rxh3 Nd4 65. Bb7 Nxf5
66. Rc3 Bd4 67. a6 Nd6 68. Rc7 
1-0

[Event "Eliteserien 2008-2009"]
[Site "Haraldsheim"]
[Date "2008.11.07"]
[Round "9"]
[White "Skrondal, Inge Sandstad"]
[Black "Kolås, Tore"]
[Result "1/2-1/2"]
[WhiteElo "2179"]
[BlackElo "2144"]
[PlyCount "79"]
[EventDate "2008.??.??"]

1. d4 d5 2. Nf3 Nc6 3. Bg5 Bg4 4. e3 Qd6 5. Be2 f6 6. Bf4 Qd7 7. c4 e6 8. Nc3
dxc4 9. Bxc4 Bd6 10. Bxd6 Qxd6 11. h3 Bh5 12. Qb3 Bf7 13. O-O Nge7 14. Ne4 Qb4
15. Bxe6 Qxb3 16. Bxb3 Bxb3 17. axb3 b6 18. Rfc1 O-O-O 19. b4 Kb7 20. b5 Nb4
21. Rc4 Nbd5 22. Nc3 Nc8 23. Rca4 Rhe8 24. g3 Re6 25. Nd2 f5 26. Nf3 c6 27.
bxc6+ Rxc6 28. R4a3 Nb4 29. Ne5 Rf6 30. Nb5 a6 31. Rb3 a5 32. Rc1 Ka6 33. Na3
g5 34. Nc2 Nd5 35. Ne1 Nd6 36. Ra3 f4 37. N1f3 h6 38. Kg2 fxe3 39. fxe3 Ne4 40.
Rc6 
1/2-1/2

[Event "Eliteserien 2008-2009"]
[Site "Haraldsheim"]
[Date "2008.11.07"]
[Round "9"]
[White "Thorstensen, Trond"]
[Black "Ulrichsen, Jarl H"]
[Result "1-0"]
[WhiteElo "2175"]
[BlackElo "2115"]
[PlyCount "74"]
[EventDate "2008.??.??"]

1. d4 d5 2. c4 e6 3. Nc3 Nf6 4. Bg5 Be7 5. Nf3 c6 6. e3 Ne4 7. Nxe4 dxe4 8.
Bxe7 Qxe7 9. Nd2 f5 10. f3 exf3 11. Qxf3 O-O 12. O-O-O e5 13. d5 c5 14. d6 Qxd6
15. Nb3 Qf6 16. Qd5+ Kh8 17. Qxc5 Na6 18. Qa3 Be6 19. Rd6 Rfd8 20. c5 Rxd6 21.
cxd6 Rc8+ 22. Kb1 Bxb3 23. axb3 Nc5 24. b4 Ne4 25. d7 Rd8 26. Qxa7 Rxd7 27. Bb5
Rd8 28. Qxb7 Qe6 29. Ba4 h6 30. Rd1 Rxd1+ 31. Bxd1 Kh7 32. Bc2 Qc4 33. Bxe4
fxe4 34. Qb6 Qd3+ 35. Ka2 Qc2 36. Ka3 Qxg2 37. Qc6 Qc2 
1-0

[Event "Eliteserien 2008-2009"]
[Site "Haraldsheim"]
[Date "2008.11.07"]
[Round "9"]
[White "Tisdall, Jonathan"]
[Black "Lie, Kjetil A."]
[Result "1-0"]
[WhiteElo "2386"]
[BlackElo "2528"]
[PlyCount "105"]
[EventDate "2008.??.??"]

1. d4 Nf6 2. c4 c5 3. d5 e6 4. Nc3 exd5 5. cxd5 d6 6. e4 g6 7. f3 Bg7 8. Bg5
O-O 9. Qd2 a6 10. a4 h6 11. Be3 Re8 12. Nge2 h5 13. Nc1 Nbd7 14. Be2 Ne5 15.
O-O Bd7 16. h3 b5 17. axb5 axb5 18. Rxa8 Qxa8 19. Nxb5 Bxb5 20. Bxb5 Rb8 21.
Be2 Ne8 22. b3 Nc7 23. Kh1 Rb4 24. Bh6 Qf8 25. Bxg7 Qxg7 26. f4 Nd7 27. Bc4 Nb6
28. e5 dxe5 29. f5 Nxc4 30. bxc4 Qf6 31. d6 Ne6 32. fxe6 Qxf1+ 33. Kh2 Qf6 34.
e7 Rb8 35. Ne2 h4 36. Qd5 Kh7 37. Qxc5 Rb2 38. e8=Q Rxe2 39. Qg1 Rf2 40. d7
Qf4+ 41. Kh1 Rf1 42. d8=Q Rxg1+ 43. Kxg1 Qc1+ 44. Kf2 Qf4+ 45. Ke2 Qe4+ 46. Kd2
Qf4+ 47. Kc3 Qc1+ 48. Kb4 Qb2+ 49. Ka5 Qc3+ 50. Kb6 Qe3+ 51. c5 Qxc5+ 52. Kxc5
Kg7 53. Qh8# 
1-0

[Event "Eliteserien 2008-2009"]
[Site "Haraldsheim"]
[Date "2008.11.07"]
[Round "9"]
[White "Lie, Espen"]
[Black "Sahl, Bjarke"]
[Result "1-0"]
[WhiteElo "2436"]
[BlackElo "2347"]
[PlyCount "73"]
[EventDate "2008.??.??"]

1. c4 d6 2. g3 f5 3. Bg2 Nf6 4. Nc3 g6 5. d3 Bg7 6. e4 O-O 7. Nge2 c6 8. O-O
fxe4 9. dxe4 Na6 10. h3 e5 11. b3 Nh5 12. Ba3 Nc5 13. Qd2 Qa5 14. Bb2 Be6 15.
Rad1 Rad8 16. Qe3 Bc8 17. Rd2 Ne6 18. Rfd1 Qc7 19. Ba3 c5 20. Nb5 Qa5 21. Qc3
Qxc3 22. Nexc3 Nd4 23. Nxa7 Bh6 24. Rd3 Bd7 25. Nab5 Bc6 26. Bb2 Rd7 27. Rf1
Ra8 28. h4 Rf7 29. Bh3 Nf3+ 30. Kh1 Nd2 31. Nxd6 Rf6 32. Bc1 Rd8 33. Bxd2 Bxd2
34. Rxd2 Rfxd6 35. Rxd6 Rxd6 36. Nd5 Kf7 37. Kg2 
1-0